Poultry Birds - Statistics

General Stats
  • This quiz has been taken 146 times
  • The average score is 6 of 7
Answer Stats
Hint Answer % Correct
The main food source for the fast food chain KFC Chicken
100%
Eaten at Christmas and Thanksgiving Turkey
100%
Make a 'quack' noise Duck
99%
Poultry bird that begins with Q Quail
95%
Birds with long necks, known for being qutre feisty Goose
85%
A red/orange bird with a long tail Pheasant
65%
Grey bird with a blue face, found in southern Africa Guinea Fowl
30%
No matching quizzes found
Score Distribution
Percent of People with Each Score
Percentile by Number Answered
Your Score History
You have not taken this quiz